=LDR 00000nam 2200000 4500 =001 NUTBA000000000001374 =005 20240722103759 =035 ##$$a 0010-041400000000644 =008 240722################c##########0#ind## =082 ##$$a 028.5 =090 ##$$a 028.5 $b jef c =100 ##$$a Jeffrey, Gary =245 1#$$a Tokoh sejarah dunia : $b Cleopatra /$c Gary Jeffrey =260 ##$$a Jakarta :$b pt elex media komputindo,$c 2005 =300 ##$$a 47 hlm : $b illus ; $c 23 cm. =850 ##$$a NBPBMAT =020 ##$$a 978-979-27-5670-8 =084 ##$$a 028.5 JEF t =650 #4$$a Sejarah Dunia =990 ##$$a 21194956/BPAP-NTB/2014 =990 ##$$a 14481448 =990 ##$$a 21008941 =990 ##$$a 21194956/BPAP-NTB/2014